<?xml version="1.0" encoding="UTF-8"?>
<record
    xmlns:xsi="http://www.w3.org/2001/XMLSchema-instance"
    xsi:schemaLocation="http://www.loc.gov/MARC21/slim http://www.loc.gov/standards/marcxml/schema/MARC21slim.xsd"
    xmlns="http://www.loc.gov/MARC21/slim">

  <leader>00690nam a22001937a 4500</leader>
  <controlfield tag="005">20240419162755.0</controlfield>
  <controlfield tag="008">221212b           ||||| |||| 00| 0 eng d</controlfield>
  <datafield tag="040" ind1=" " ind2=" ">
    <subfield code="c">AL</subfield>
  </datafield>
  <datafield tag="041" ind1=" " ind2=" ">
    <subfield code="a">Hindi</subfield>
  </datafield>
  <datafield tag="082" ind1=" " ind2=" ">
    <subfield code="2">23</subfield>
    <subfield code="a">H891.4</subfield>
    <subfield code="b">PATA</subfield>
  </datafield>
  <datafield tag="100" ind1=" " ind2=" ">
    <subfield code="a">Lakshmi Shankar Das Patel </subfield>
    <subfield code="9">161609</subfield>
  </datafield>
  <datafield tag="100" ind1=" " ind2=" ">
    <subfield code="9">65624</subfield>
    <subfield code="d">  &#x932;&#x915;&#x94D;&#x937;&#x94D;&#x92E;&#x940;  &#x936;&#x902;&#x915;&#x930;  &#x926;&#x93E;&#x938;  &#x92A;&#x91F;&#x947;&#x932; </subfield>
  </datafield>
  <datafield tag="245" ind1=" " ind2=" ">
    <subfield code="a">Adhyatmika Amrit Kalash </subfield>
    <subfield code="b">  &#x905;&#x927;&#x94D;&#x92F;&#x93E;&#x924;&#x94D;&#x92E;&#x93F;&#x915; &#x905;&#x92E;&#x943;&#x924; &#x915;&#x932;&#x936; </subfield>
  </datafield>
  <datafield tag="260" ind1=" " ind2=" ">
    <subfield code="c">2003</subfield>
  </datafield>
  <datafield tag="300" ind1=" " ind2=" ">
    <subfield code="a">128 p.</subfield>
    <subfield code="b">PB</subfield>
    <subfield code="c">20.5x13.7 cm.</subfield>
  </datafield>
  <datafield tag="650" ind1=" " ind2=" ">
    <subfield code="a">Hindi Prose</subfield>
    <subfield code="9">65625</subfield>
  </datafield>
  <datafield tag="700" ind1=" " ind2=" ">
    <subfield code="a">Patel (Lakshmi Shankar Das)    &#x92A;&#x91F;&#x947;&#x932; (  &#x932;&#x915;&#x94D;&#x937;&#x94D;&#x92E;&#x940;  &#x936;&#x902;&#x915;&#x930;  &#x926;&#x93E;&#x938;)</subfield>
    <subfield code="9">65626</subfield>
  </datafield>
  <datafield tag="942" ind1=" " ind2=" ">
    <subfield code="2">ddc</subfield>
    <subfield code="c">GF</subfield>
  </datafield>
  <datafield tag="999" ind1=" " ind2=" ">
    <subfield code="c">225624</subfield>
    <subfield code="d">225624</subfield>
  </datafield>
  <datafield tag="952" ind1=" " ind2=" ">
    <subfield code="0">0</subfield>
    <subfield code="1">0</subfield>
    <subfield code="2">ddc</subfield>
    <subfield code="4">0</subfield>
    <subfield code="7">0</subfield>
    <subfield code="8">HIN</subfield>
    <subfield code="a">AL</subfield>
    <subfield code="b">AL</subfield>
    <subfield code="d">2013-03-23</subfield>
    <subfield code="l">0</subfield>
    <subfield code="o">H891.4 PATA</subfield>
    <subfield code="p">GF02555</subfield>
    <subfield code="r">2022-12-12 00:00:00</subfield>
    <subfield code="w">2022-12-12</subfield>
    <subfield code="y">GF</subfield>
  </datafield>
</record>
